00699nam a22002057a 4500003000400000005001700004008004100021020001800062040000900080100004600089245010300135260002500238300001100263490002400274650003500298650003800333942001300371999001500384952009400399OSt20131015172923.0130412s2011 sp ||||| |||| 00| 0 spa d a9788490061428 cCDMR1 93161aVílchez de Arribas, Juan Fermín10aHistoria gráfica de la prensa diaria españolab: 1758-1976cJuan Fermín Vílchez de Arribas aBarcelonabRBAc2011 a480 p.0 aTemas de actualidad0491840aDiarisxDissenyzEspanya0493729aPremsaxHistòriazEspanya 2udccMON c6083d6083 00104070aCDMRbCDMRd2013-01-16l0oDt 9/45pCDMR13046187r2013-04-12w2013-04-12yMON